00497nam a2200193 a 4500001001300000003000900013005001700022008004100039020001000080082001300090100002300103245004500126260003000171300000900201500003500210505001000245650002500255700002300280nice12345678IN_TiNIC20260116011807.0050524s0000 egya grp 000 0 ara  ac10000a291bWIC aWickfield, Francis aShawahid Islamia Va Masihia Va Yahoodia. aEgyptbMatba-E-Neelc0000 a228p aincludes index and biblioraphy2 aIndex aComparative Religion1 aWickfield, Francis